Statistics for Doctor Who - Nuwho Quiz 2

Click here to take the quiz!

General Stats

  • This quiz has been taken 81 times
  • The average score is 6 of 7

Answer Stats

QuestionAnswer% Correct
The Doctors sonic screwdriver doesn't do:Wood
100%
The 12th Doctor fought Robin Hood with:A spoon
97%
What is the 10th doctors last words?I don't want to go
96%
When 11th arrived 12 years later, what job did Amy have?Kissogram
94%
In the episode, "Day of the Doctor," the War Doctor tells the 10th and 11th to stop pointing their screwdrivers like weapons. Which of these phrases are correct?What are you going to do? Assemble a cabinet at them?
94%
In the episode "The Eleventh Hour," what food did the doctor tell to "stay out?"Bread with butter
65%
Which is the correct spelling for the planet of the Slitheen?Raxacoricofallapatorius
51%

Score Distribution

Percentile by Number Answered

Percent of People with Each Score

Your Score History

You have not taken this quiz